| Tag |
First Indicator |
Second Indicator |
Subfields |
| LEADER |
00000cam a2200000 4500 |
| 001 |
in00000053825 |
| 005 |
20151008050903.0 |
| 008 |
720831s1963 nyu b 00000 eng u |
| 010 |
|
|
|a 63014407
|
| 035 |
|
|
|a (OCoLC)00396416
|
| 035 |
|
|
|9 AAG4063AM
|
| 040 |
|
|
|c WSU
|d TXA
|d UtOrBLW
|
| 049 |
|
|
|a TXAM
|c [366919]
|
| 050 |
|
0 |
|a DP86.G7
|b L6
|
| 092 |
|
|
|a 327.46
|b L863s
|
| 100 |
1 |
|
|a Loomie, Albert J.
|q (Albert Joseph),
|d 1922-
|
| 245 |
1 |
4 |
|a The Spanish Elizabethans ;
|b the English exiles at the court of Philip II.
|
| 264 |
|
1 |
|a New York :
|b Fordham University Press,
|c 1963.
|
| 300 |
|
|
|a 280 pages
|
| 336 |
|
|
|a text
|b txt
|2 rdacontent
|
| 337 |
|
|
|a unmediated
|b n
|2 rdamedia
|
| 338 |
|
|
|a volume
|b nc
|2 rdacarrier
|
| 650 |
|
0 |
|a British
|z Spain.
|
| 650 |
|
0 |
|a Religious refugees.
|
| 651 |
|
0 |
|a Spain
|x Foreign relations
|z Great Britain.
|
| 651 |
|
0 |
|a Great Britain
|x Foreign relations
|z Spain.
|
| 999 |
|
|
|a MARS
|
| 999 |
f |
f |
|s 42b8d2df-8bdb-39f2-a12c-18edfbc0dd49
|i 1a1960c0-707d-3f3e-b961-dbb289ed1859
|t 0
|
| 952 |
f |
f |
|p ric
|a Texas A&M University
|b Rellis Campus
|c Joint Library Facility
|d Remote Storage
|t 0
|e DP86.G7 L6
|h Library of Congress classification
|i unmediated -- volume
|m A14800675331
|
| 998 |
f |
f |
|a DP86.G7 L6
|t 0
|l Remote Storage
|